000 00799nam a22002177a 4500
005 20220124153416.0
008 220124s2005 ck |||gr|||| 00| 0 spa d
020 _a9588162726
040 _aCO-BoUCM
_bspa
_cDeissy Garcia
_dDeissy Garcia
041 0 _aspa
100 1 _aGonzález González, José María
_9172991
245 1 3 _aLa función retributiva de la pena
_bel castigo como estrategia del poder político
_cJosé María González González
260 _aBogotá
_bPontificia Universidad Javeriana
_c2005
300 _a114 páginas
504 _aIncluye referencias bibliográficas
650 7 _aDerecho penal
_zColombia
_931080
650 7 _aPenas
_921249
650 7 _aRetribución
_9172992
942 _2DEWEY
_a8
_cLIBRO
_e1
_h345.861
_mG643f
_n0
999 _c320383
_d320383